Birthplace Countries for TJ Freshmen - Statistics

General Stats
  • This quiz has been taken 23 times
  • The average score is 9 of 23
Answer Stats
# of Freshmen Country % Correct
12 China
100%
449 USA
93%
3 England/UK
79%
20 India
79%
3 South Korea
79%
2 Canada
71%
1 France
64%
2 Russia
57%
3 Ukraine
57%
7 Vietnam
50%
1 Greece
36%
3 Nepal
36%
3 Pakistan
29%
2 Bangladesh
21%
1 Albania
14%
1 Bolivia
14%
4 Egypt
14%
2 Mongolia
14%
6 Afghanistan
7%
1 El Salvador
7%
1 Guatamala
7%
1 Austria
0%
1 Ethiopia
0%
No matching quizzes found
Score Distribution
Percent of People with Each Score
Percentile by Number Answered
Your Score History
You have not taken this quiz